000 01094nam1a2200301 i 4500
001 RU\NLR\bibl\1716135
005 20241106001533.0
035 _a(NLR Aleph) 001707149
090 _a1257120
_c1257120
100 _a20101220d2009 u y0rusy50 ca
101 0 _arus
102 _aRU
105 _aa |||||||||
200 1 _aАндрей Шмонькин
_e[альбом
_eв 2 т.
_fсост.: Андрей Шмонькин, Мурат Елекоев]
210 _aСанкт-Петербург
_cАртиндекс
_d2009
215 _d29
309 _aВложена с др. кн. в футляр
463 0 _10011508178
463 0 _10011508196
600 1 _aШмонькин
_bА.
_f1959
_gАндрей
_jАльбомы
_92609468
_3RU\NLR\auth\661546026
686 _aЩ113(2Р=Рус)7-8Шмонькин я61
686 _aЩ153(2Р=Рус)7-8Шмонькин я61
700 1 _aШмонькин
_bА. А.
_f1959-
_gАндрей А.
_4070
801 0 _aRU
_bNLR
_c20101220
_gRCR
801 1 _aRU
_bNLR
_c20101220
852 _aNLR
_bЭ
_jАлИс365,1/2-Ш748
942 _cBOOK